Normal view
MARC view
- Rougetel, Hezel le
Entry Personal Name
001 - CONTROL NUMBER
- control field: 7127
003 - CONTROL NUMBER IDENTIFIER
- control field: OSt
005 - DATE AND TIME OF LATEST TRANSACTION
- control field: 20250212110728.0
008 - FIXED-LENGTH DATA ELEMENTS
- fixed length control field: 250212|| aca||aabn | a|a d
040 ## - CATALOGING SOURCE
- Original cataloging agency: OSt
- Transcribing agency: OSt
100 ## - HEADING--PERSONAL NAME
- Personal name: Rougetel, Hezel le
670 ## - SOURCE DATA FOUND
- Source citation: Work cat.: (OSt)4749: Rougetel, Hezel le ., Heritage of roses / , 1988.
